| 000 | 00522nam a2200193Ia 4500 | ||
|---|---|---|---|
| 003 | OSt | ||
| 005 | 20250224113017.0 | ||
| 008 | 210210b1999 xxu||||| |||| 00| 0 eng d | ||
| 040 | _cAL | ||
| 041 | _aKannada | ||
| 082 | _aK894.1 MOGN | ||
| 100 |
_aMOGASALE (Na) _9140552 _dಮೊಗಸಾಲೆ (ನಾ) |
||
| 245 |
_aNelada Neralu _bನೆಲದ ನೆರಳು |
||
| 260 |
_aPuttur. _bKannda Prapancha Prakashana., _c1999 |
||
| 300 | _a98 | ||
| 690 |
_aKannada Poetry _9140553 |
||
| 906 | _a058144 | ||
| 942 |
_2ddc _cBK |
||
| 999 |
_c105560 _d105560 |
||